Comisión Permanente del III Centenario de D. Alvaro de Bazán (Record no. 190164)

MARC details
000 -LEADER
campo de control de longitud fija 00493nam a2200145 i 4500
001 - NÚMERO DE CONTROL
campo de control 190164
003 - IDENTIFICADOR DE NÚMERO DE CONTROL
campo de control ES-MaACL
005 - FECHA Y HORA DE LA ÚLTIMA TRANSACCIÓN
campo de control 20250826151544.0
008 - DATOS DE LONGITUD FIJA--INFORMACIÓN GENERAL
campo de control de longitud fija 200904s1891 sp |||| | spa d
245 00 - MENCIÓN DEL TÍTULO
Título Comisión Permanente del III Centenario de D. Alvaro de Bazán
Resto del título : cuentas.
260 ## - PUBLICACIÓN, DISTRIBUCIÓN, ETC.
Lugar de publicación, distribución, etc. Madrid :
Nombre del editor, distribuidor, etc. [s.n.],
Fecha de publicación, distribución, etc. 1891.
600 17 - PUNTO DE ACCESO ADICIONAL DE MATERIA--NOMBRE DE PERSONA
Nombre de persona Bazán, Álvaro de, Marqués de Santa Cruz,
Fechas asociadas al nombre 1526-1588-
Subdivisión de forma Aniversarios y centenarios
Fuente del encabezamiento o término
9 (RLIN) 170258
852 ## - LOCALIZACIÓN
Ubicación ES-MaACL
Número de control de estantería T-517-F-5
Holdings
Estatus retirado Estado de pérdida Estado de daño No para préstamo Colección Biblioteca de origen Biblioteca actual Ubicación en estantería Fecha de adquisición Fuente de adquisición Total de préstamos Signatura topográfica completa Código de barras Visto por última vez Precio de reemplazo Tipo de ítem Koha
        Colección de folletos Biblioteca del Ateneo de Madrid Biblioteca del Ateneo de Madrid Depósito folletos 09/05/2005     T-517-F-5 1201912 23/02/2023 23/02/2023 Folleto